Hikayaat -e- Rumi / (Record no. 522865)
[ view plain ]
| 000 -LEADER | |
|---|---|
| fixed length control field | 00406nam a22001457a 4500 |
| 005 - DATE AND TIME OF LATEST TRANSACTION | |
| control field | 20190226065243.0 |
| 008 - FIXED-LENGTH DATA ELEMENTS--GENERAL INFORMATION | |
| fixed length control field | 190125b ||||| |||| 00| 0 eng d |
| 040 ## - CATALOGING SOURCE | |
| Transcribing agency | DLC |
| 082 ## - DEWEY DECIMAL CLASSIFICATION NUMBER | |
| Classification number | 297 |
| Author Mark | RUM |
| 100 ## - MAIN ENTRY--PERSONAL NAME | |
| Personal name | Rumi, Molana Jalal ud Din |
| 9 (RLIN) | 13180 |
| 245 ## - TITLE STATEMENT | |
| Title | Hikayaat -e- Rumi / |
| Statement of responsibility, etc. | Molana Jalal ud Din Rumi |
| 260 ## - PUBLICATION, DISTRIBUTION, ETC. | |
| Place of publication, distribution, etc. | Jehlum : |
| Name of publisher, distributor, etc. | Book Corner Showroom, |
| Date of publication, distribution, etc. | 2009. |
| 300 ## - PHYSICAL DESCRIPTION | |
| Extent | 320p. : |
| Dimensions | 25 cm. |
| 942 ## - ADDED ENTRY ELEMENTS (KOHA) | |
| Source of classification or shelving scheme | |
| Koha item type | Book |
| Withdrawn status | Lost status | Source of classification or shelving scheme | Damaged status | Not for loan | Permanent Location | Current Location | Date acquired | Total Checkouts | Total Renewals | Full call number | Barcode | Date last seen | Date last checked out | Price effective from | Koha item type |
|---|---|---|---|---|---|---|---|---|---|---|---|---|---|---|---|
| Central Library (CL) | Central Library (CL) | 01/25/2019 | 11 | 4 | 297 RUM | NIT-9642 | 11/21/2025 | 09/10/2025 | 01/25/2019 | Book |
